000 01075nam2a22002651 4500
001 RU\NLR\Per\787723
005 20250617191004.0
035 _a(NLR Aleph) 003032683
090 _a1973748
_c1973748
100 _a20110729d2007 |||y0rusy50 ca
101 0 _arus
102 _aRU
105 _ay |||||||||
200 1 _aК 60-летию президента Гильдии российских адвокатов Мирзоева Гасана Борисовича
210 _d2007
_aБ. м.
300 _aСпец. вып.
461 0 _1001RU\NLR\INFOCOMM\1000024929
_12001#$aАдвокатские вести$eИнформ.-аналит. журн.$v2007, № 12 (86)
_94009738
_cМ.
_d2001 - 2009
_nБ. и.
_oИнформ.-аналит. журн.
_tАдвокатские вести
_v2007, № 12 (86)
600 1 _aМирзоев
_bГ.Б.
_f1947
_gГасан Борисович
_92142797
_3RU\NLR\AUTH\661291323
801 1 _aRU
_bInfoComm
_c20031223
801 0 _aRU
_bNLR
_gPSBO
852 _aNLR
_jП23/5222
942 _cISSUE
980 _aNB
980 _aRUSPER